000 00476nam a2200181Ia 4500
001 20114
005 20260306172742.0
008 260306t1998||||xx |||||||||||||| ||spa||
041 _aESP
082 _a342.211
_bV73
100 _aViola, Francesco
_eAUT
245 0 _aDe la naturaleza a los derechos:
_blos derechos de la ética contemporánea
260 _c1998
300 _axxvi, 435 páginas :
_c21 cm.
650 _aGEN
654 _aCDE
942 _cLIB
_dJUS
_fJUS
_2ddc
_n
999 _c20114
_d20114